[Event "C.to provinciale PV"]
[Site "Vigevano ITA"]
[Date "2014.03.13"]
[Round "6"]
[White "Berra, Davide"]
[Black "Barrera, Pietro"]
[WhiteElo "2226"]
[BlackElo "1905"]
[Result "1-0"]
[PlyCount "159"]
[EventDate "2014.02.06"]

1. c4 Nf6 2. Nc3 e5 3. g3 Nc6 4. Bg2 Bc5 5. a3 a5 6. e3 O-O 7. Nge2 Re8 8. O-O
e4 9. Qc2 Qe7 10. Nd5 Nxd5 11. cxd5 Nd8 12. Nc3 f5 13. Rb1 Nf7 14. g4 d6 15. b4
axb4 16. axb4 Bb6 17. gxf5 Bxf5 18. Ne2 Qg5 19. Ng3 Bg6 20. Kh1 Qh4 21. Bb2 Ng5
22. Qc4 Qh6 23. Ra1 Rad8 24. f4 exf3 25. Bxf3 Nxf3 26. Rxf3 Rf8 27. Raf1 Rxf3
28. Rxf3 Rf8 29. Rxf8+ Kxf8 30. Qf1+ Ke8 31. Qb5+ Ke7 32. Qc4 Ke8 33. Qg4 Kf8
34. Qc8+ Kf7 35. Qe6+ Kf8 36. Kg2 Qg5 37. Qc8+ Kf7 38. Qe6+ Kf8 39. Bc3 Qe7 40.
Qxe7+ Kxe7 41. Bxg7 c5 42. dxc6 bxc6 43. Kf3 c5 44. bxc5 Bxc5 45. d4 Bb6 46. d5
Kf7 47. Bc3 Bc5 48. Ne4 Ba3 49. Ng5+ Ke7 50. Nh3 Bc1 51. Nf2 Ba3 52. Ne4 Kf7
53. Kf4 Ke7 54. h4 Kf7 55. Nf6 Bd3 56. h5 Bc5 57. e4 h6 58. Ng4 Be2 59. Nxh6+
Ke8 60. Nf5 Kf7 61. Kg5 Ba3 62. h6 Bc1+ 63. Kh4 Kg6 64. Kg3 Ba3 65. Kf2 Bg4 66.
Ng3 Kxh6 67. Ke3 Kg5 68. Bg7 Bc1+ 69. Kd3 Kg6 70. Bf8 Bf4 71. Nf1 Be5 72. Ne3
Bd7 73. Be7 Bb5+ 74. Kc2 Bd7 75. Nc4 Ba4+ 76. Kc1 Bf4+ 77. Kb2 Bd1 78. Bxd6 Bg5
79. Kc3 Bf3 80. Ne5+ 1-0

[Event "C.to provinciale PV"]
[Site "Vigevano ITA"]
[Date "2014.03.13"]
[Round "6"]
[White "Candura, Stefano"]
[Black "Scavini, Marco"]
[WhiteElo "1981"]
[BlackElo "1942"]
[Result "1/2-1/2"]
[PlyCount "72"]
[EventDate "2014.02.06"]

1. d4 Nf6 2. Nf3 c5 3. e3 g6 4. Be2 Bg7 5. O-O Qb6 6. Nbd2 d5 7. b3 O-O 8. Bb2
c4 9. Ba3 cxb3 10. axb3 Nc6 11. c4 Re8 12. c5 Qc7 13. b4 a6 14. b5 axb5 15.
Bxb5 Bg4 16. Qb3 Red8 17. Bb2 e6 18. Bc3 Nd7 19. Qb2 e5 20. Bxc6 bxc6 21. Nxe5
Bxe5 22. dxe5 Nxc5 23. Qb4 Ne4 24. Nxe4 dxe4 25. Qxe4 Qd7 26. Bd4 Rxa1 27. Bxa1
Be2 28. Re1 Qd2 29. Qb1 Qxe1+ 30. Qxe1 Rd1 31. Qxd1 Bxd1 32. f4 Kf8 33. Kf2 h5
34. Ke1 Bc2 35. Kd2 Be4 36. g3 Ke7 1/2-1/2

[Event "C.to provinciale PV"]
[Site "Vigevano ITA"]
[Date "2014.03.13"]
[Round "6"]
[White "Fadali, Mustafa"]
[Black "Pelliccia, Vincenzo"]
[WhiteElo "1880"]
[BlackElo "1586"]
[Result "1-0"]
[PlyCount "71"]
[EventDate "2014.02.06"]

1. e4 d6 2. d4 Nf6 3. Bd3 g6 4. Ne2 Bg7 5. f3 Nbd7 6. Be3 c5 7. dxc5 dxc5 8.
Nbc3 e5 9. Qd2 Qc7 10. g4 c4 11. Nb5 Qc6 12. Bxc4 O-O 13. Bd3 b6 14. Nbc3 Nc5
15. Bb5 Qc7 16. O-O-O Be6 17. Nd5 Nxd5 18. exd5 Bd7 19. Bxd7 Nxd7 20. h4 f6 21.
h5 g5 22. Ng3 h6 23. Nf5 Nc5 24. d6 Qb7 25. Ne7+ Kh7 26. Bxc5 bxc5 27. Qd3+ e4
28. fxe4 Rfd8 29. e5+ Kh8 30. Ng6+ Kg8 31. e6 f5 32. c3 Bf6 33. Qxf5 Rxd6 34.
Qxf6 Rxd1+ 35. Rxd1 Rb8 36. Qh8# 1-0

[Event "C.to provinciale PV"]
[Site "Vigevano ITA"]
[Date "2014.03.13"]
[Round "6"]
[White "Melino, Gianluca"]
[Black "Pappalardo, Antonio"]
[WhiteElo "1758"]
[BlackElo "1703"]
[Result "0-1"]
[PlyCount "88"]
[EventDate "2014.02.06"]

1. d4 b6 2. e4 Bb7 3. Bd3 e6 4. Nf3 g6 5. O-O Bg7 6. c3 d6 7. h3 Nd7 8. Be3 Ne7
9. Nh2 Nf6 10. Nd2 O-O 11. f4 d5 12. e5 Ne4 13. Qf3 Nxd2 14. Bxd2 c5 15. Ng4
Nf5 16. Bxf5 gxf5 17. Ne3 Qh4 18. Qe2 a5 19. Be1 Qh6 20. Rf3 Ba6 21. Qd2 Rac8
22. Nc2 Rc7 23. Bf2 cxd4 24. Bxd4 Rb7 25. Qf2 b5 26. Bb6 a4 27. Nb4 Ra8 28. Rf1
Kh8 29. Bc5 Rc7 30. Rg3 Bf8 31. Bxf8 Qxf8 32. Kh2 Bb7 33. Qe2 Rc4 34. a3 Qh6
35. Rg5 Rxf4 36. Rh5 Re4 37. Qxe4 Qxh5 38. Qd3 Rg8 39. Qxb5 Qg6 40. Rg1 Ba8 41.
Nc6 Qg3+ 42. Kh1 f4 43. Ne7 d4 44. Nxg8 Qxh3# 0-1

[Event "C.to provinciale PV"]
[Site "Vigevano ITA"]
[Date "2014.03.13"]
[Round "6"]
[White "Pizzolato, Roberto"]
[Black "Melotti, Dario"]
[WhiteElo "1723"]
[BlackElo "1869"]
[Result "1/2-1/2"]
[PlyCount "42"]
[EventDate "2014.02.06"]

1. e4 Nf6 2. d3 e5 3. Nf3 Nc6 4. g3 d5 5. Qe2 Bg4 6. c3 Bc5 7. Bg2 O-O 8. O-O
a5 9. a4 h6 10. Na3 Re8 11. Re1 Qd7 12. Qc2 Bh3 13. Nb5 Bxg2 14. Kxg2 dxe4 15.
dxe4 Rad8 16. Be3 Bxe3 17. Rxe3 Nb8 18. Ree1 c6 19. Na3 Nh5 20. Nc4 Nf4+ 21.
Kh1 Qh3 1/2-1/2

[Event "Torneo Internazionale B"]
[Site "Wijk aan Zee NED"]
[Date "2014.01.11"]
[Round "1"]
[White "Yu, Yangyi"]
[Black "Brunello, Sabino"]
[WhiteElo "2677"]
[BlackElo "2602"]
[Result "0-1"]
[PlyCount "120"]
[EventDate "2014.01.11"]

1. e4 c6 2. d4 d5 3. e5 Bf5 4. Nf3 e6 5. Be2 Ne7 6. O-O c5 7. c3 Nec6 8. a3 Nd7
9. b4 cxd4 10. cxd4 Rc8 11. Bb2 Be7 12. Nbd2 O-O 13. Rc1 Nb6 14. Bc3 Rc7 15.
Qb3 Qd7 16. Bb2 Rfc8 17. Rc3 a6 18. Rfc1 Na7 19. Bd1 Rxc3 20. Rxc3 Rxc3 21.
Bxc3 Qc6 22. h3 Nb5 23. Bb2 Nc4 24. Be2 Nxb2 25. Qxb2 Nc3 26. Nb3 Nxe2+ 27.
Qxe2 Qc3 28. Qe3 Qxe3 29. fxe3 b6 30. Ne1 Kf8 31. Kf2 Ke8 32. Ke2 Kd7 33. Kd2
Kc6 34. Nd3 Kb5 35. Nb2 a5 36. bxa5 bxa5 37. Nc5 Bxc5 38. dxc5 Kxc5 39. Kc3 f6
40. exf6 gxf6 41. h4 e5 42. Na4+ Kd6 43. Nb2 Bd7 44. Nd3 Bb5 45. Nf2 Ke6 46. g3
Kf5 47. Kc2 Kg6 48. Kd2 Kh5 49. Kc2 f5 50. Kc3 f4 51. exf4 exf4 52. gxf4 Kxh4
53. Nd1 Kg4 54. Ne3+ Kxf4 55. Nxd5+ Ke5 56. Ne3 h5 57. Kd2 Kf4 58. Nd5+ Kf3 59.
Nc7 Bc4 60. Kc3 h4 0-1

[Event "Torneo Internazionale B"]
[Site "Wijk aan Zee NED"]
[Date "2014.01.12"]
[Round "2"]
[White "Zhao, Xue"]
[Black "Brunello, Sabino"]
[WhiteElo "2567"]
[BlackElo "2602"]
[Result "1/2-1/2"]
[PlyCount "39"]
[EventDate "2014.01.11"]

1. d4 d5 2. c4 c6 3. Nc3 Nf6 4. Nf3 e6 5. g3 dxc4 6. Bg2 b5 7. O-O Nbd7 8. Ne5
Nxe5 9. dxe5 Qxd1 10. Rxd1 Nd5 11. a4 b4 12. Ne4 a5 13. Be3 Nxe3 14. fxe3 Ra7
15. Rac1 Ba6 16. Kf2 c5 17. Nd2 Rc7 18. Ne4 Ra7 19. Nd2 Rc7 20. Ne4 1/2-1/2

[Event "Torneo Internazionale B"]
[Site "Wijk aan Zee NED"]
[Date "2014.01.13"]
[Round "3"]
[White "Brunello, Sabino"]
[Black "Bok, Benjamin"]
[WhiteElo "2602"]
[BlackElo "2560"]
[Result "0-1"]
[PlyCount "80"]
[EventDate "2014.01.11"]

1. Nf3 Nf6 2. c4 c5 3. Nc3 d5 4. cxd5 Nxd5 5. d4 Nxc3 6. bxc3 g6 7. Bf4 Bg7 8.
e3 Qa5 9. Qd2 Bf5 10. Be2 Nc6 11. O-O O-O 12. Rfd1 cxd4 13. cxd4 Qxd2 14. Nxd2
e5 15. dxe5 Nxe5 16. e4 Be6 17. a4 Rfd8 18. Rab1 b6 19. Bxe5 Bxe5 20. Nc4 Bd4
21. e5 Rd7 22. Kf1 Rad8 23. a5 bxa5 24. Nxa5 Bf5 25. Rb5 a6 26. Rb7 Bc3 27.
Rdxd7 Rxd7 28. Rb8+ Kg7 29. Nc4 Be6 30. Ra8 Rb7 31. Bd3 Rb4 32. Ne3 a5 33. Ke2
Ra4 34. Bc2 Ra2 35. Kd3 Bxe5 36. g3 Ra3+ 37. Ke2 Bd4 38. Bd3 Bxe3 39. fxe3 Ra2+
40. Ke1 a4 0-1

[Event "Torneo Internazionale B"]
[Site "Wijk aan Zee NED"]
[Date "2014.01.16"]
[Round "5.2"]
[White "Brunello, Sabino"]
[Black "Reinderman, Dimitri"]
[WhiteElo "2602"]
[BlackElo "2593"]
[Result "1-0"]
[PlyCount "89"]
[EventDate "2014.01.11"]

1. d4 f5 2. g3 Nf6 3. Bg2 g6 4. Nh3 Bg7 5. Nf4 Nc6 6. d5 Ne5 7. Nc3 c6 8. e4
O-O 9. h4 fxe4 10. Nxe4 Nxd5 11. Nxd5 cxd5 12. Qxd5+ e6 13. Qd1 d5 14. Ng5 Qa5+
15. Bd2 Qb6 16. O-O Qxb2 17. Rb1 Qxa2 18. Re1 Qc4 19. Bb4 Rd8 20. Be7 Rd7 21.
Ba3 d4 22. Rb4 Qa6 23. Bb2 h6 24. Ne4 Nc6 25. Bf1 Qa5 26. Rb5 Qc7 27. Rc5 Rd8
28. h5 g5 29. Nxg5 hxg5 30. Rxg5 Kh8 31. Bd3 Qf7 32. Qg4 Ne7 33. h6 Bf6 34. Rg7
Bxg7 35. hxg7+ Qxg7 36. Qh4+ Kg8 37. Re4 e5 38. Bc4+ Kf8 39. Ba3 Ke8 40. Bxe7
Qxe7 41. Qh5+ Kd7 42. Rxe5 Qg7 43. Rg5 Qh8 44. Qf7+ Kc6 45. Qe7 1-0

[Event "Torneo Internazionale B"]
[Site "Wijk aan Zee NED"]
[Date "2014.01.17"]
[Round "6.5"]
[White "Troff, Kayden W."]
[Black "Brunello, Sabino"]
[WhiteElo "2457"]
[BlackElo "2602"]
[Result "1/2-1/2"]
[PlyCount "82"]
[EventDate "2014.01.11"]

1. d4 Nf6 2. c4 e6 3. g3 d5 4. Nf3 dxc4 5. Bg2 Bb4+ 6. Bd2 a5 7. O-O O-O 8. Bg5
Ra6 9. Qc1 h6 10. Bxf6 Qxf6 11. Qxc4 Rd8 12. a3 Bf8 13. Nc3 c6 14. Ne4 Qe7 15.
Nc5 Ra7 16. Ne5 Nd7 17. Nexd7 Bxd7 18. Qb3 Be8 19. Qb6 Rda8 20. Rac1 Qd8 21.
Qxd8 Rxd8 22. e3 g6 23. f4 Bg7 24. Rfd1 Kf8 25. Kf2 b6 26. Na4 c5 27. dxc5 Rxd1
28. Rxd1 bxc5 29. Nc3 Ke7 30. Ke2 Ra6 31. Kd3 Rb6 32. Rd2 Rb3 33. Kc4 Bxc3 34.
bxc3 a4 35. Bf3 Rxa3 36. Rb2 Ra1 37. Kxc5 a3 38. Rb7+ Kf6 39. Ra7 a2 40. Be2
Rc1 41. Rxa2 Rxc3+ 1/2-1/2

[Event "Torneo Internazionale B"]
[Site "Wijk aan Zee NED"]
[Date "2014.01.18"]
[Round "7.3"]
[White "Brunello, Sabino"]
[Black "Duda, Jan-Krzysztof"]
[WhiteElo "2602"]
[BlackElo "2553"]
[Result "0-1"]
[PlyCount "104"]
[EventDate "2014.01.11"]

1. d4 d5 2. c4 e6 3. cxd5 exd5 4. Nc3 c6 5. e3 Nf6 6. Bd3 Be7 7. Nge2 O-O 8.
O-O Re8 9. Nf4 Nbd7 10. f3 Nf8 11. Bc2 Ne6 12. Nxe6 Bxe6 13. e4 dxe4 14. fxe4
Qb6 15. Na4 Qa6 16. h3 Rad8 17. Be3 b5 18. Nc3 b4 19. Na4 Bc4 20. Rf2 c5 21. d5
Nd7 22. a3 Bh4 23. Nxc5 Nxc5 24. axb4 Bxf2+ 25. Bxf2 Be2 26. Qb1 Na4 27. Rxa4
Qg6 28. Ra3 a6 29. Qe1 Bh5 30. g4 Bxg4 31. Rg3 Rxd5 32. Rxg4 Rg5 33. Rg3 Rc8
34. Bd3 Rxg3+ 35. Bxg3 Rc1 36. Qxc1 Qxg3+ 37. Kf1 Qxd3+ 38. Kf2 Qxh3 39. Qc6
Qh4+ 40. Ke2 h5 41. b5 axb5 42. Qxb5 Qxe4+ 43. Kf2 h4 44. Kg1 Qe3+ 45. Kg2 h3+
46. Kh2 Qf3 47. Qb8+ Kh7 48. Qg3 Qxg3+ 49. Kxg3 Kg6 50. b4 Kf5 51. b5 Ke6 52.
b6 Kd7 0-1

[Event "Torneo Internazionale B"]
[Site "Wijk aan Zee NED"]
[Date "2014.01.19"]
[Round "8.6"]
[White "Goudriaan, Etienne"]
[Black "Brunello, Sabino"]
[WhiteElo "2431"]
[BlackElo "2602"]
[Result "1/2-1/2"]
[PlyCount "60"]
[EventDate "2014.01.11"]

1. d4 Nf6 2. c4 g6 3. Nc3 d5 4. cxd5 Nxd5 5. Bd2 Bg7 6. e4 Nb6 7. Be3 O-O 8. h3
f5 9. exf5 Bxf5 10. Qb3+ Kh8 11. Nf3 Nc6 12. d5 Ne5 13. Nd4 Bd7 14. O-O-O Qc8
15. f4 c5 16. Nc2 c4 17. Qb4 Nd3+ 18. Bxd3 cxd3 19. Rxd3 Bf5 20. Rdd1 Nc4 21.
Bd4 Bxc2 22. Kxc2 Rxf4 23. Bxg7+ Kxg7 24. Qxe7+ Rf7 25. Qe4 Rf2+ 26. Kb1 Na3+
27. Ka1 Nc2+ 28. Kb1 Na3+ 29. Ka1 Nc2+ 30. Kb1 Na3+ 1/2-1/2

[Event "Torneo Internazionale B"]
[Site "Wijk aan Zee NED"]
[Date "2014.01.21"]
[Round "9.2"]
[White "Brunello, Sabino"]
[Black "Jobava, Baadur"]
[WhiteElo "2602"]
[BlackElo "2710"]
[Result "1-0"]
[PlyCount "90"]
[EventDate "2014.01.11"]

1. d4 Nf6 2. c4 d6 3. Nf3 c6 4. Nc3 Bf5 5. Nh4 Bd7 6. e4 e5 7. Nf3 Bg4 8. Be2
Nbd7 9. Be3 Be7 10. h3 Bxf3 11. Bxf3 O-O 12. O-O Qb8 13. d5 Bd8 14. Qd2 Bb6 15.
Rfd1 Bxe3 16. Qxe3 cxd5 17. exd5 a5 18. b3 h6 19. a3 Nh7 20. Be2 f5 21. b4 Kh8
22. Rac1 Nhf6 23. f4 axb4 24. axb4 Ra3 25. fxe5 Nxe5 26. Qf4 Rb3 27. c5 Ne4 28.
Nxe4 Rxb4 29. c6 fxe4 30. Qd2 Qa7+ 31. Kh1 Qb6 32. Rf1 Rc8 33. Qf4 bxc6 34.
dxc6 Qc7 35. Bg4 Rcb8 36. Be6 Nd3 37. Qg3 Ne5 38. Qf4 Re8 39. Bd5 Nd3 40. Qg3
Ne5 41. Qc3 Reb8 42. Qe3 Qe7 43. c7 Rc8 44. Qf4 Qd7 45. Bxe4 g6 1-0

[Event "Torneo Internazionale B"]
[Site "Wijk aan Zee NED"]
[Date "2014.01.22"]
[Round "10.7"]
[White "Van Delft, Merijn"]
[Black "Brunello, Sabino"]
[WhiteElo "2430"]
[BlackElo "2602"]
[Result "0-1"]
[PlyCount "130"]
[EventDate "2014.01.11"]

1. e4 c5 2. Nf3 e6 3. d4 cxd4 4. Nxd4 a6 5. Nc3 Qc7 6. Bd3 Nc6 7. Nxc6 bxc6 8.
O-O Nf6 9. Qe2 d5 10. Re1 Be7 11. e5 Nd7 12. Na4 c5 13. c4 d4 14. Bd2 Bb7 15.
Be4 Rb8 16. Bxb7 Rxb7 17. b3 O-O 18. Rad1 Ra8 19. Bf4 Nb6 20. Nb2 a5 21. Nd3 a4
22. Qc2 Nd7 23. Rb1 axb3 24. axb3 Nb8 25. Rb2 Nc6 26. Bd2 Ra3 27. f4 Qb8 28.
Reb1 Qa7 29. Nf2 g6 30. Ne4 Qb8 31. Qd3 Kg7 32. Qh3 Qd8 33. Qd3 Rb6 34. Be1 Qa8
35. h3 Ra7 36. Kh2 Qf8 37. Kh1 Rba6 38. Kh2 f5 39. exf6+ Bxf6 40. Re2 Bd8 41.
Bg3 Nb4 42. Qf3 Rf7 43. Nf2 Bc7 44. Qe4 Qb8 45. Nd3 Nxd3 46. Qxd3 Bxf4 47. b4
Bxg3+ 48. Qxg3 Qxg3+ 49. Kxg3 Ra3+ 50. Kh2 Rb7 51. Rxe6 Rxb4 52. Rxb4 cxb4 53.
Rb6 Rb3 54. Kg1 Rb1+ 55. Kf2 b3 56. c5 b2 57. c6 Kh6 58. Ke2 Kg5 59. g3 Rc1 60.
Rxb2 Rxc6 61. Rb5+ Kf6 62. Kf3 Rd6 63. Ke4 d3 64. Rb1 d2 65. Rd1 Kg5 0-1

[Event "Torneo Internazionale B"]
[Site "Wijk aan Zee NED"]
[Date "2014.01.24"]
[Round "11.3"]
[White "Brunello, Sabino"]
[Black "Wojtaszek, Radoslaw"]
[WhiteElo "2602"]
[BlackElo "2711"]
[Result "0-1"]
[PlyCount "104"]
[EventDate "2014.01.11"]

1. d4 Nf6 2. c4 e6 3. Nc3 Bb4 4. e3 O-O 5. Nge2 Re8 6. a3 Bf8 7. d5 d6 8. Ng3
c6 9. Be2 exd5 10. cxd5 cxd5 11. Nxd5 Nxd5 12. Qxd5 Nc6 13. O-O g6 14. Rd1 Bg7
15. Rb1 Be6 16. Qb5 a6 17. Qxb7 Na5 18. Qb4 Bb3 19. Bd2 Bxd1 20. Rxd1 Nc6 21.
Qa4 Qb6 22. Bf3 Rac8 23. b4 Red8 24. Be2 Ra8 25. Rc1 Ne7 26. Ne4 d5 27. Nc5 Nf5
28. Qd1 Nd6 29. a4 Ne4 30. a5 Qf6 31. Nxe4 dxe4 32. Qc2 Rab8 33. Be1 Bf8 34.
Qxe4 Qb2 35. Qc2 Qxc2 36. Rxc2 Bxb4 37. Bxb4 Rxb4 38. g3 Rd6 39. Rc8+ Kg7 40.
Ra8 Rd2 41. Bxa6 Rb1+ 42. Kg2 Rbb2 43. Kf3 Rxf2+ 44. Ke4 Rb4+ 45. Kd3 Ra2 46.
Bc8 Ra3+ 47. Kc2 Rxe3 48. a6 Ra4 49. Kb2 Ra5 50. Bb7 Re2+ 51. Kb3 Rxh2 52. Rc8
Rha2 0-1

[Event "Torneo Internazionale B"]
[Site "Wijk aan Zee NED"]
[Date "2014.01.25"]
[Round "12.6"]
[White "Muzychuk, Anna"]
[Black "Brunello, Sabino"]
[WhiteElo "2566"]
[BlackElo "2602"]
[Result "1-0"]
[PlyCount "59"]
[EventDate "2014.01.11"]

1. e4 e5 2. Nf3 Nc6 3. Bb5 a6 4. Bxc6 dxc6 5. O-O f6 6. d4 Bg4 7. c3 Bd6 8. Be3
Ne7 9. Nbd2 Qd7 10. h3 Be6 11. dxe5 fxe5 12. c4 Ng6 13. c5 Be7 14. Qe2 O-O-O
15. Nc4 Nf4 16. Bxf4 exf4 17. Rfd1 Qe8 18. Rxd8+ Bxd8 19. Na5 Qh5 20. b4 g5 21.
Nxc6 g4 22. hxg4 Bxg4 23. Nxd8 Rxd8 24. Rd1 Rg8 25. Qc4 Qe8 26. Kf1 Be6 27. Qd3
Bxa2 28. Nd4 Qe5 29. Nc6 Qe8 30. Qh3+ 1-0

[Event "Torneo Internazionale B"]
[Site "Wijk aan Zee NED"]
[Date "2014.01.26"]
[Round "13.5"]
[White "Brunello, Sabino"]
[Black "Saric, Ivan"]
[WhiteElo "2602"]
[BlackElo "2637"]
[Result "1/2-1/2"]
[PlyCount "136"]
[EventDate "2014.01.11"]

1. d4 Nf6 2. c4 g6 3. Nc3 Bg7 4. e4 d6 5. f3 O-O 6. Be3 c5 7. Nge2 b6 8. d5 e6
9. Qd2 exd5 10. cxd5 Ba6 11. h4 Nbd7 12. Bh6 Ne5 13. Bxg7 Kxg7 14. Ng3 Bxf1 15.
Kxf1 h5 16. Re1 Nfd7 17. Nb5 Qf6 18. Qg5 Qxg5 19. hxg5 Nc4 20. b3 a6 21. Nc3
Nce5 22. Ke2 f6 23. gxf6+ Rxf6 24. Nd1 b5 25. Ne3 a5 26. Ngf1 a4 27. Nd2 Rff8
28. Ra1 Ra7 29. b4 Rc7 30. Rab1 c4 31. Nc2 Kg8 32. Nf1 Nd3 33. Nfe3 N7e5 34.
Nd4 Nf4+ 35. Kd2 Rb7 36. Rh2 a3 37. g3 Nfd3 38. f4 Nxf4 39. gxf4 Rxf4 40. Rf1
Rxe4 41. Nec2 h4 42. Ne6 Rb8 43. Ncd4 c3+ 44. Kc1 Nd3+ 45. Kc2 Nxb4+ 46. Kb3
Nxd5 47. Rg1 c2 48. Kxc2 Rc8+ 49. Kd2 Rc4 50. Rxg6+ Kf7 51. Rg7+ Kf6 52. Rf2+
Rf4 53. Rgg2 Rxf2+ 54. Rxf2+ Ke7 55. Kd3 h3 56. Ke4 Nf6+ 57. Kf5 Rc1 58. Nf4
Rc5+ 59. Kg6 Rg5+ 60. Kxg5 Ne4+ 61. Kh4 Nxf2 62. Nd5+ Kd7 63. Kg3 Nd3 64. Kxh3
Nc1 65. Nb4 d5 66. Nxb5 d4 67. Nxd4 Kd6 68. Nbc2 Nxa2 1/2-1/2

[Event "C.to Provinciale VR"]
[Site "Zevio ITA"]
[Date "2014.01.18"]
[Round "1"]
[White "Adami, Antonio"]
[Black "Bertani, Gianfranco"]
[WhiteElo "1730"]
[BlackElo "2071"]
[Result "1/2-1/2"]
[PlyCount "97"]
[EventDate "2014.01.18"]

1. e4 c5 2. Nc3 Nc6 3. g3 g6 4. Bg2 Bg7 5. d3 d6 6. Be3 e5 7. Qd2 Nd4 8. Nge2
Bh3 9. O-O Qd7 10. Nd1 Ne7 11. c3 Nxe2+ 12. Qxe2 Bxg2 13. Kxg2 O-O 14. f4 b6
15. Nf2 Qc6 16. Kg1 Rae8 17. Qd2 f5 18. Rad1 d5 19. fxe5 dxe4 20. dxe4 Bxe5 21.
Qd7 fxe4 22. Qxc6 Nxc6 23. Bh6 Bg7 24. Bxg7 Kxg7 25. Rd7+ Kg8 26. Ng4 Ne5 27.
Nxe5 Rxe5 28. Rxf8+ Kxf8 29. Kf2 Rh5 30. h4 Rf5+ 31. Ke3 Rf3+ 32. Kxe4 Rxg3 33.
Rxh7 a5 34. Kd5 Rg2 35. b3 Rxa2 36. Rb7 Rd2+ 37. Kc4 Rh2 38. Rxb6 Rxh4+ 39.
Kxc5 g5 40. Kd5 Kf7 41. Ke5 Rf4 42. c4 a4 43. bxa4 Rxc4 44. Kf5 g4 45. a5 g3
46. a6 Rc5+ 47. Kf4 g2 48. Rb1 Ra5 49. Rg1 1/2-1/2

[Event "C.to Provinciale VR"]
[Site "Zevio ITA"]
[Date "2014.01.18"]
[Round "1"]
[White "Antolini, Aldo"]
[Black "Guerra, Alessandro"]
[WhiteElo "1737"]
[BlackElo "2190"]
[Result "0-1"]
[PlyCount "68"]
[EventDate "2014.01.18"]

1. d4 Nf6 2. c4 d6 3. Nf3 Bg4 4. e3 Nbd7 5. Be2 e5 6. Nc3 Be7 7. h3 Bh5 8. O-O
O-O 9. Re1 Re8 10. b3 c6 11. Bb2 Bf8 12. Nd2 Bg6 13. Nf1 h5 14. d5 h4 15. dxc6
bxc6 16. Nh2 e4 17. Ng4 Nxg4 18. Bxg4 Ne5 19. Na4 Nd3 20. Rf1 Nxb2 21. Nxb2 Be7
22. Rb1 Bf6 23. Bh5 Bh7 24. Qd2 Be5 25. Bg4 Rf8 26. Rbc1 f5 27. Be2 f4 28. c5
d5 29. Bg4 Qg5 30. Nd1 fxe3 31. Nxe3 Qf4 32. g3 hxg3 33. fxg3 Qxg3+ 34. Ng2
Qh2# 0-1

[Event "C.to Provinciale VR"]
[Site "Zevio ITA"]
[Date "2014.01.18"]
[Round "1"]
[White "Benedetti, Maurizio"]
[Black "Cacco, Christian"]
[WhiteElo "1755"]
[BlackElo "2332"]
[Result "0-1"]
[PlyCount "44"]
[EventDate "2014.01.18"]

1. e4 g6 2. d4 Bg7 3. Nc3 d6 4. Be3 a6 5. Qd2 Nc6 6. h3 e5 7. dxe5 dxe5 8.
Qxd8+ Nxd8 9. Bc4 Be6 10. Bxe6 Nxe6 11. Nge2 Ne7 12. O-O-O Nc6 13. Rd5 Ncd4 14.
Ra5 b6 15. Rd5 c6 16. Rd6 Ke7 17. Rxe6+ Kxe6 18. f4 Rhd8 19. fxe5 Bxe5 20.
Nxd4+ Bxd4 21. Bxd4 Rxd4 22. Rf1 f6 0-1

[Event "C.to Provinciale VR"]
[Site "Zevio ITA"]
[Date "2014.01.18"]
[Round "1"]
[White "Bonini, Roberto"]
[Black "Jirillo, Antonio"]
[WhiteElo "1872"]
[BlackElo "1609"]
[Result "1-0"]
[PlyCount "95"]
[EventDate "2014.01.18"]

1. e4 d6 2. d4 Nd7 3. Nf3 e5 4. Bc4 Ngf6 5. Nc3 Be7 6. O-O O-O 7. Re1 c6 8. h3
a5 9. a4 Nb6 10. Bf1 Qc7 11. Be3 Rd8 12. Qc1 Nfd7 13. Nd2 Nf8 14. Nc4 d5 15.
exd5 exd4 16. Bxd4 Nxd5 17. Nxd5 Rxd5 18. Nb6 Rxd4 19. Nxa8 Qd8 20. Nb6 Bg5 21.
Re8 Qxe8 22. Qxg5 Ne6 23. Qe3 Qd8 24. Nxc8 Qxc8 25. c3 Rd6 26. Qb6 Qc7 27. Qe3
Qd8 28. Re1 Rd2 29. b3 g6 30. Bc4 Rd6 31. Qe4 Rd1 32. Bxe6 Rxe1+ 33. Qxe1 fxe6
34. Qxe6+ Kf8 35. g3 Qd1+ 36. Kg2 Qd5+ 37. Qxd5 cxd5 38. Kf3 Ke7 39. Ke3 b6 40.
Kd4 Ke6 41. f3 h6 42. h4 Kd6 43. b4 axb4 44. cxb4 Ke6 45. a5 bxa5 46. bxa5 Kd6
47. f4 h5 48. a6 1-0

[Event "C.to Provinciale VR"]
[Site "Zevio ITA"]
[Date "2014.01.18"]
[Round "1"]
[White "Caldonazzo, Matteo"]
[Black "Bartiromo, Gerardo"]
[WhiteElo "1940"]
[BlackElo "1676"]
[Result "1-0"]
[PlyCount "104"]
[EventDate "2014.01.18"]

1. Nf3 d5 2. d4 Nf6 3. e3 Bg4 4. c4 Bxf3 5. Qxf3 e6 6. Nc3 c6 7. Bd3 dxc4 8.
Bxc4 Be7 9. O-O O-O 10. Rd1 Qa5 11. Bd2 Qh5 12. Qxh5 Nxh5 13. e4 Nd7 14. d5 Nb6
15. Be2 Nf6 16. dxe6 fxe6 17. Be3 Rfd8 18. a4 Rxd1+ 19. Rxd1 Rd8 20. Rxd8+ Bxd8
21. a5 Nc8 22. Bc4 Kf7 23. b4 Be7 24. Bc5 Bxc5 25. bxc5 Ke7 26. f3 Nd7 27. Na4
a6 28. Kf2 Na7 29. Ke3 Nb5 30. f4 e5 31. g3 h6 32. f5 Kf6 33. Be6 Ke7 34. h3
Nd4 35. Bxd7 Kxd7 36. Nb6+ Kc7 37. Nc4 Nb3 38. Nxe5 Nxc5 39. Nc4 Nd7 40. Kd4
c5+ 41. Kd3 Kc6 42. g4 Nf6 43. e5 Nd5 44. h4 Nb4+ 45. Ke4 Nd5 46. g5 h5 47. f6
gxf6 48. exf6 Nc3+ 49. Ke5 Nd5 50. f7 Ne7 51. Ke6 Ng6 52. Ne5+ Nxe5 1-0

[Event "C.to Provinciale VR"]
[Site "Zevio ITA"]
[Date "2014.01.18"]
[Round "1"]
[White "Cantore, Michele"]
[Black "Fratton, Zeno"]
[WhiteElo "1440"]
[BlackElo "1785"]
[Result "1/2-1/2"]
[PlyCount "44"]
[EventDate "2014.01.18"]

1. e4 c5 2. Nf3 e6 3. d4 cxd4 4. Nxd4 Nf6 5. Nc3 Nc6 6. Be3 Bb4 7. f3 d5 8. Bb5
Bd7 9. Bxc6 Bxc6 10. Nxc6 bxc6 11. e5 Nd7 12. f4 O-O 13. O-O c5 14. Bd2 f6 15.
Qe2 d4 16. Nb5 Bxd2 17. Qxd2 Rb8 18. Qe2 Qb6 19. a4 a6 20. Nd6 Qxb2 21. Qc4
Rfe8 22. Nxe8 Rxe8 1/2-1/2

[Event "C.to Provinciale VR"]
[Site "Zevio ITA"]
[Date "2014.01.18"]
[Round "1"]
[White "Cavicchi, Francesco"]
[Black "Paoli, Walter"]
[WhiteElo "1705"]
[BlackElo "1999"]
[Result "1/2-1/2"]
[PlyCount "57"]
[EventDate "2014.01.18"]

1. d4 d5 2. Nf3 Nf6 3. e3 Bf5 4. c4 c6 5. Nc3 e6 6. a3 Bd6 7. Ne5 Nbd7 8. g4
Bg6 9. Nxg6 hxg6 10. h4 Qe7 11. c5 Bc7 12. f4 Ne4 13. Nxe4 dxe4 14. g5 f5 15.
Bc4 Kf7 16. Bd2 b6 17. b4 Qd8 18. Qb3 Nf8 19. Qa2 b5 20. Bb3 a5 21. Qb2 axb4
22. axb4 Qb8 23. Rxa8 Qxa8 24. Kf2 Nd7 25. Kg3 Qb7 26. Ra1 Ra8 27. Rxa8 Qxa8
28. Qa2 Qxa2 29. Bxa2 1/2-1/2

[Event "C.to Provinciale VR"]
[Site "Zevio ITA"]
[Date "2014.01.18"]
[Round "1"]
[White "Di Tullio, Giuseppe"]
[Black "Gneo, Marco"]
[WhiteElo "1440"]
[BlackElo "1775"]
[Result "0-1"]
[PlyCount "56"]
[EventDate "2014.01.18"]

1. d4 Nf6 2. e3 e6 3. Nf3 d5 4. Nc3 c5 5. g3 Be7 6. Bg2 O-O 7. O-O Nbd7 8. Ne5
Nxe5 9. dxe5 Nd7 10. f4 a6 11. b3 b5 12. Ne2 Bb7 13. Bb2 Qc7 14. Qd2 Rac8 15.
Rac1 Rfd8 16. a4 bxa4 17. bxa4 Nb6 18. Qe1 Nc4 19. Qc3 Bc6 20. Rf2 Rb8 21. Ba1
Rb4 22. Qd3 Bxa4 23. c3 Rbb8 24. Rcf1 Bb5 25. Qc2 Nxe3 26. Qd2 Nxf1 27. Kxf1
Bc4 28. f5 Rb1+ 0-1

[Event "C.to Provinciale VR"]
[Site "Zevio ITA"]
[Date "2014.01.18"]
[Round "1"]
[White "Faccia, Sergio"]
[Black "Pisani, Valerio"]
[WhiteElo "2033"]
[BlackElo "1725"]
[Result "1-0"]
[PlyCount "83"]
[EventDate "2014.01.18"]

1. e4 e6 2. c4 d5 3. cxd5 exd5 4. exd5 Qxd5 5. Nc3 Qd8 6. Bc4 Nf6 7. Qb3 Qe7+
8. Nge2 Nc6 9. O-O Ne5 10. d4 Nxc4 11. Qxc4 Qb4 12. Qxc7 Bd6 13. a3 Bxc7 14.
axb4 O-O 15. Nb5 Bb6 16. Be3 Nd5 17. Bd2 Bf5 18. Rfe1 Bd3 19. Nd6 Bxe2 20. Rxe2
Bxd4 21. Be1 Bf6 22. Nxb7 Rfb8 23. Nd6 g6 24. Ra4 Rd8 25. Ne4 Bg7 26. g3 Re8
27. Kf1 Bxb2 28. Rxb2 Rxe4 29. Ra5 Nb6 30. Ra1 Nc4 31. Rc2 Ne5 32. Re2 Rxe2 33.
Kxe2 Nc6 34. Kd3 Kf8 35. b5 Ne5+ 36. Ke4 Nd7 37. Kd5 Ke8 38. f4 Kd8 39. Ba5+
Kc8 40. Rc1+ Kb8 41. Rc7 Nf6+ 42. Kc6 1-0